[Event "Titled Tue 26th Aug Early"]
[Site "chess.com INT"]
[Date "2025.08.26"]
[Round "3"]
[White "Popov, Tikhon"]
[Black "Ibrahimli, Murad"]
[Result "1-0"]
[WhiteTitle "FM"]
[BlackTitle "IM"]
[WhiteElo "2335"]
[BlackElo "2445"]
[WhiteFideId "24252026"]
[BlackFideId "13410229"]
[EventDate "2025.08.26"]

1. e4 e5 2. Nf3 Nc6 3. Bc4 Bc5 4. d3 Nf6 5. c3 d6 6. O-O O-O 7. Re1 a5 8. h3 h6
9. Nbd2 Bd7 10. Nf1 a4 11. d4 Bb6 12. Ng3 Re8 13. Bb5 Nxd4 14. Nxd4 exd4 15.
Bxd7 Qxd7 16. cxd4 Re6 17. d5 Re7 18. Qf3 Rae8 19. Bxh6 Ba5 20. Re2 Nh7 21. Bf4
g6 22. h4 Bb6 23. Rae1 Bd4 24. h5 Be5 25. b3 axb3 26. axb3 Kg7 27. Bd2 Nf6 28.
hxg6 fxg6 29. Bc3 Rh8 30. Bxe5 Rxe5 31. Qc3 Qg4 32. Re3 Qh4 33. Kf1 Re7 34. Rf3
Rf7 35. e5 dxe5 36. Rxe5 Qg4 37. Re6 Rhf8 38. Nf5+ gxf5 39. Rg3 Kh7 40. Rxg4
fxg4 41. Qe5 Kg6 42. Qe4+ Kg7 43. Qf4 Kg6 44. Qxg4+ Kh7 45. Qh4+ Kg7 46. f4 Ng8
47. Qg5+ Kh7 48. Qh5+ Kg7 49. Rg6# 1-0

[Event "Titled Tue 26th Aug Early"]
[Site "chess.com INT"]
[Date "2025.08.26"]
[Round "3"]
[White "Terkiewicz, Bruno"]
[Black "Galstyan, David"]
[Result "1-0"]
[WhiteTitle "CM"]
[BlackTitle "FM"]
[WhiteElo "2128"]
[BlackElo "2284"]
[WhiteFideId "21093245"]
[BlackFideId "54516196"]
[EventDate "2025.08.26"]

1. e4 c5 2. Nf3 Nc6 3. b4 cxb4 4. d4 d5 5. exd5 Qxd5 6. c4 bxc3 7. Nxc3 Qd8 8.
d5 Nb8 9. Bb2 Nf6 10. Qd2 g6 11. Bb5+ Bd7 12. O-O Bg7 13. Rfe1 O-O 14. Rad1 Bxb5
15. Nxb5 a6 16. Nc3 Nbd7 17. Qe2 Re8 18. Ng5 h6 19. Ne6 Qb6 20. Nxg7 Kxg7 21.
Ne4 Kh7 22. Rb1 Nxe4 23. Qxe4 Nf6 24. Qh4 Qd6 25. Bc1 Ng8 26. Rxb7 Qxd5 27. Rb3
e5 28. Rh3 h5 29. g4 Qc4 30. gxh5 Qxh4 31. Rxh4 f5 32. hxg6+ Kxg6 33. Rc4 Re6
34. Bb2 e4 35. Rc7 Nf6 36. Re3 f4 37. Rh3 Rb8 38. Rb3 Rxb3 39. axb3 Rb6 40. Bd4
Rxb3 41. Rc6 f3 42. Rxf6+ Kg5 43. h3 Rb1+ 44. Kh2 Rd1 45. Bc3 Rd3 46. Rc6 e3 47.
fxe3 Rxe3 48. Bd2 Kf4 49. Rc4+ Ke5 50. Bxe3 1-0

[Event "Titled Tue 26th Aug Early"]
[Site "chess.com INT"]
[Date "2025.08.26"]
[Round "3"]
[White "Cevizci, Yusuf Baran"]
[Black "Rossi, Maximiliano"]
[Result "1-0"]
[WhiteTitle "CM"]
[WhiteElo "2094"]
[BlackElo "2013"]
[WhiteFideId "34565400"]
[BlackFideId "113425"]
[EventDate "2025.08.26"]

1. e4 e6 2. d4 d5 3. e5 c5 4. c3 Nc6 5. Nf3 Qb6 6. Na3 a6 7. Nc2 Nh6 8. Bd3 cxd4
9. cxd4 Nf5 10. O-O Be7 11. g4 Nh4 12. Nxh4 Bxh4 13. f4 Be7 14. Be3 g6 15. Rb1
Bd7 16. b4 Na7 17. f5 Bb5 18. fxe6 fxe6 19. Rc1 Bxd3 20. Qxd3 Qb5 21. Qb3 Qe2
22. h3 Rf8 23. Rxf8+ Bxf8 24. Bg5 Rc8 25. a4 Rc4 26. b5 axb5 27. axb5 b6 28. Qa2
Nc8 29. Qb3 h5 30. gxh5 gxh5 31. h4 Be7 32. Bxe7 Nxe7 33. Qa2 Rc3 34. Qa8+ Kf7
35. Rf1+ Nf5 36. Qb7+ Kg8 37. Qb8+ Kh7 38. Qb7+ Kh6 39. Rf2 Qg4+ 40. Kf1 Ng3+
41. Ke1 Qe4+ 42. Kd1 Rd3+ 43. Kc1 Nf5 44. Qb8 1-0

[Event "Titled Tue 26th Aug Early"]
[Site "chess.com INT"]
[Date "2025.08.26"]
[Round "3"]
[White "Solovchuk, Oleksiy"]
[Black "Klukin, Kirill"]
[Result "0-1"]
[BlackTitle "IM"]
[WhiteElo "2303"]
[BlackElo "2401"]
[WhiteFideId "14115220"]
[BlackFideId "24199273"]
[EventDate "2025.08.26"]

1. c4 c5 2. Nc3 g6 3. g3 Bg7 4. Bg2 Nc6 5. Nf3 a6 6. e3 d6 7. d4 cxd4 8. Nxd4
Bd7 9. O-O Nf6 10. b3 O-O 11. Bb2 Qa5 12. a3 Rac8 13. Rc1 Rfe8 14. Qd2 Qh5 15.
Nxc6 bxc6 16. f3 Bh6 17. b4 a5 18. Ne2 axb4 19. axb4 Bg7 20. Nf4 Qh6 21. c5 d5
22. Nd3 Bf5 23. g4 Bxd3 24. Qxd3 e5 25. h3 e4 26. fxe4 Nxe4 27. Bxg7 Qxg7 28.
Qd4 Ng3 29. Kf2 Nxf1 30. Bxf1 Qxd4 31. exd4 Re4 32. Rd1 Rb8 33. Bg2 Re7 34. Rb1
Reb7 35. Ra1 Rxb4 36. Ra6 Rxd4 37. Rxc6 Rb2+ 38. Ke3 Rd1 39. Bf3 Rb3+ 40. Ke2
Rdd3 41. Rf6 Kg7 42. g5 h6 43. h4 Rd4 44. c6 Rc3 45. Rd6 Rxh4 46. gxh6+ Kxh6 47.
Bxd5 Rd4 48. Rd7 f5 49. c7 Kg5 50. Kf2 Kf4 51. Ke2 g5 52. Bc6 Rc2+ 53. Ke1 Rxc6
54. Rxd4+ Ke3 55. Rd5 Rc1+ 56. Rd1 Rxc7 57. Rd5 Rc1+ 58. Rd1 Rxd1+ 0-1

[Event "Titled Tue 26th Aug Early"]
[Site "chess.com INT"]
[Date "2025.08.26"]
[Round "3"]
[White "Xiong, Jeffery"]
[Black "Weetik, Vjacheslav"]
[Result "1-0"]
[WhiteTitle "GM"]
[BlackTitle "FM"]
[WhiteElo "2650"]
[BlackElo "2423"]
[WhiteFideId "2047640"]
[BlackFideId "4153472"]
[EventDate "2025.08.26"]

1. e4 c6 2. c4 e5 3. Nf3 d6 4. Nc3 Nd7 5. d4 Be7 6. Be2 Ngf6 7. O-O O-O 8. Qc2
Re8 9. Rd1 Bf8 10. d5 c5 11. a3 g6 12. b4 b6 13. Rb1 Nh5 14. g3 Ng7 15. Be3 f5
16. Ng5 Nf6 17. bxc5 bxc5 18. Bd3 Ng4 19. Bc1 f4 20. Nf3 Nh5 21. Be2 Qf6 22. Rf1
Bh6 23. Qa4 Qe7 24. Qa5 Bd7 25. Rb7 fxg3 26. hxg3 Bxc1 27. Rxc1 Rf8 28. Rf1 Rf7
29. Rxa7 Raf8 30. Ra8 Nxf2 31. Rxf2 Nxg3 32. Bd1 Bg4 33. Rxf8+ Rxf8 34. Qb6 Nh5
35. Qb2 Nf4 36. Rh2 Nh3+ 37. Rxh3 Bxh3 38. Qh2 Bg4 39. Qg3 h5 40. Nh2 Bxd1 41.
Qxg6+ Kh8 42. Qh6+ Kg8 43. Nxd1 Rf7 44. Qxh5 Rg7+ 45. Kh1 Qf6 46. Qe2 Qh4 47.
Ne3 Qg3 48. Neg4 Kh8 49. Qf1 Kg8 50. Nf6+ 1-0

[Event "Titled Tue 26th Aug Early"]
[Site "chess.com INT"]
[Date "2025.08.26"]
[Round "3"]
[White "Illingworth, Max"]
[Black "Dinesh, Rajan M"]
[Result "0-1"]
[WhiteTitle "GM"]
[BlackTitle "CM"]
[WhiteElo "2493"]
[BlackElo "2206"]
[WhiteFideId "3205207"]
[BlackFideId "35060600"]
[EventDate "2025.08.26"]

1. c4 e6 2. g3 d5 3. Bg2 Nf6 4. Nf3 a6 5. b3 c5 6. cxd5 exd5 7. O-O Be7 8. d4
O-O 9. Bb2 Ne4 10. Nfd2 Nc6 11. Nxe4 dxe4 12. d5 Nb4 13. Bxe4 Bh3 14. Re1 Bf6
15. Nc3 Re8 16. Bf3 a5 17. a3 Na6 18. Qc2 Rc8 19. Rad1 Nc7 20. d6 Na8 21. Bxb7
Rb8 22. Bd5 Nb6 23. Bf3 Be6 24. Rd2 c4 25. b4 axb4 26. axb4 Nd7 27. b5 Nc5 28.
Bc6 Bd7 29. Rd5 Nb3 30. Qd1 Na5 31. Bxd7 Qxd7 32. e4 Be5 33. Re2 Nb3 34. f4 Bxc3
35. Bxc3 Rxb5 36. Kg2 Rb7 37. e5 Qc6 38. Kh3 Qc8+ 39. Kg2 Qc6 40. Kf2 Nc5 41.
Qd4 Ne6 42. Qe4 g6 43. Red2 Rd8 44. f5 Nc5 45. Qxc4 Rb5 46. fxg6 hxg6 47. d7 Qb6
48. Bd4 Ne4+ 49. Ke3 Rb3+ 50. Kxe4 Qb7 51. Kf4 Rxd7 52. Be3 Rb4 53. Qxb4 Qxb4+
54. R2d4 Qb1 55. Rxd7 Qf5# 0-1

[Event "Titled Tue 26th Aug Early"]
[Site "chess.com INT"]
[Date "2025.08.26"]
[Round "3"]
[White "Nassr, Ahmed"]
[Black "Grot, Blazej"]
[Result "0-1"]
[WhiteTitle "IM"]
[BlackTitle "CM"]
[WhiteElo "2153"]
[BlackElo "2207"]
[WhiteFideId "7904860"]
[BlackFideId "21835845"]
[EventDate "2025.08.26"]

1. d4 Nf6 2. Bf4 b6 3. e3 Bb7 4. Nf3 g6 5. Nbd2 Bg7 6. h3 O-O 7. Be2 d6 8. O-O
Nbd7 9. c4 Re8 10. Qc2 e5 11. Bg5 Qc8 12. dxe5 dxe5 13. a3 a5 14. b4 axb4 15.
axb4 Rxa1 16. Rxa1 c5 17. Rb1 cxb4 18. Rxb4 Qc7 19. Bh4 Nc5 20. Qb1 Nfd7 21. Bg3
Qc6 22. Bf1 f5 23. Ne1 Rf8 24. Nd3 Nxd3 25. Qxd3 f4 26. exf4 exf4 27. Bh4 Kh8
28. Nf3 h6 29. Rb5 Nc5 30. Qb1 g5 31. Rxb6 Qe4 32. Bxg5 hxg5 33. Nxg5 Qxb1 34.
Rxb1 Bc6 35. Rb6 Rc8 36. Nf7+ Kg8 37. Nd6 Rc7 38. Nb5 Bxb5 39. cxb5 Ne4 40. Rb8+
Kf7 41. b6 Rc1 42. b7 Rb1 43. Kh2 Be5 44. Bc4+ Kf6 45. Bd3 Bxb8 46. Bxb1 Nxf2
47. Kg1 Nd1 48. Kf1 Kg5 49. Bc2 Ne3+ 50. Kf2 Nxc2 51. Kf3 Nd4+ 52. Ke4 Nf5 53.
Kf3 Nh4+ 54. Kf2 Ng6 0-1

[Event "Titled Tue 26th Aug Early"]
[Site "chess.com INT"]
[Date "2025.08.26"]
[Round "3"]
[White "Karttunen, Mika"]
[Black "Bok, Benjamin"]
[Result "1/2-1/2"]
[WhiteTitle "IM"]
[BlackTitle "GM"]
[WhiteElo "2490"]
[BlackElo "2587"]
[WhiteFideId "502081"]
[BlackFideId "1017063"]
[EventDate "2025.08.26"]

1. e4 c5 2. Nf3 d6 3. d4 cxd4 4. Nxd4 Nf6 5. Nc3 a6 6. h3 e5 7. Nb3 Be6 8. g4 d5
9. exd5 Nxd5 10. Bg2 Nxc3 11. Qxd8+ Kxd8 12. bxc3 Nc6 13. Be3 Kc7 14. Nc5 Bxc5
15. Bxc5 b6 16. Be3 Rhd8 17. Rb1 Rab8 18. a4 Bd5 19. f3 Na5 20. Kf2 Nc4 21. Bc1
a5 22. Re1 f6 23. Bf1 g5 24. Bd3 h6 25. h4 Rh8 26. Rh1 Nd6 27. Be3 e4 28. Be2
exf3 29. Bxf3 Bxf3 30. Kxf3 Nc4 31. Rb5 Rhe8 32. Bd4 Re6 33. hxg5 fxg5 34. Rf5
Nd6 35. Rd5 Rf8+ 36. Kg3 Kc6 37. Re5 Ne4+ 38. Kg2 Rxe5 39. Bxe5 Rf2+ 40. Kg1
Rxc2 41. Rxh6+ Kd5 42. Bd4 Nxc3 43. Bxc3 Rxc3 44. Rxb6 Rc5 45. Kf2 Ke4 46. Rf6
Rc2+ 47. Kg3 Rc3+ 48. Kf2 Ra3 49. Rf5 Rxa4 50. Rxg5 Ra3 51. Rg8 a4 52. Re8+ Kf4
53. Ke2 Rh3 54. Kd2 a3 55. Ra8 Kxg4 56. Kc2 Kf4 57. Ra4+ Ke5 58. Kb1 Kd5 59. Ka2
Kc5 60. Rxa3 Rxa3+ 61. Kxa3 1/2-1/2

[Event "Titled Tue 26th Aug Early"]
[Site "chess.com INT"]
[Date "2025.08.26"]
[Round "3"]
[White "Bulgak, Damir"]
[Black "Levi, Eddy L"]
[Result "0-1"]
[WhiteTitle "CM"]
[BlackTitle "FM"]
[WhiteElo "2254"]
[BlackElo "2147"]
[WhiteFideId "13528882"]
[BlackFideId "3200183"]
[EventDate "2025.08.26"]

1. e4 e5 2. Nf3 Nc6 3. d4 exd4 4. Nxd4 Nf6 5. Nc3 Bb4 6. Nxc6 bxc6 7. Bd3 d5 8.
exd5 cxd5 9. O-O O-O 10. Bg5 c6 11. Qf3 Bd6 12. Bxf6 Qxf6 13. Qxf6 gxf6 14. Rad1
Be5 15. Na4 Be6 16. b3 Rac8 17. f4 Bd4+ 18. Kh1 c5 19. c3 Be3 20. f5 Bd7 21. Ba6
Rcd8 22. Rfe1 d4 23. Nxc5 Bxf5 24. Bd3 Bg4 25. Rb1 Rfe8 26. h3 Bh5 27. Ne4 Kg7
28. c4 Bg6 29. Nc5 Re5 30. Bxg6 fxg6 31. Nd3 Re7 32. c5 f5 33. b4 Kf6 34. b5 Ke6
35. c6 Kd6 36. a4 f4 37. Rb2 g5 38. Rc2 Kc7 39. Nb4 h5 40. Nd3 g4 41. a5 f3 42.
Rb1 Rb8 43. Nc5 Kd6 44. Nb7+ Rexb7 45. cxb7 Rxb7 46. b6 axb6 47. Rxb6+ Rxb6 48.
axb6 f2 49. Rxf2 Bxf2 0-1

[Event "Titled Tue 26th Aug Early"]
[Site "chess.com INT"]
[Date "2025.08.26"]
[Round "3"]
[White "Dandeniya, D D L N"]
[Black "Matveeva, Olga"]
[Result "1-0"]
[WhiteTitle "CM"]
[BlackTitle "WIM"]
[WhiteElo "1985"]
[BlackElo "2132"]
[WhiteFideId "29928818"]
[BlackFideId "24107018"]
[EventDate "2025.08.26"]

1. d4 d5 2. c4 e6 3. Nf3 Nf6 4. g3 Bb4+ 5. Bd2 Be7 6. Qc2 O-O 7. Bg2 Nbd7 8. h4
c6 9. Nc3 dxc4 10. Rd1 b5 11. Ne5 Nd5 12. Nxc6 Qe8 13. Nxd5 exd5 14. Bxd5 Ba6
15. Bb4 Bxb4+ 16. Nxb4 Nf6 17. Bc6 Qc8 18. Bxa8 Qxa8 19. O-O Bb7 20. f3 a5 21.
a4 axb4 22. axb5 Rc8 23. e4 h5 24. d5 Qa5 25. d6 Qxb5 26. Rd4 Qb6 27. Rd1 Nd7
28. Kh2 c3 29. bxc3 Rxc3 30. Qe2 b3 31. R4d2 Ba6 32. Qf2 Qb7 33. Rb2 g6 34. Rd4
Kg7 35. Rd1 Kh7 36. Kg2 Qc6 37. Qd2 Rc2 38. Rxc2 bxc2 39. Rc1 Ne5 40. Rxc2 Qa4
41. Rc7 Qb5 42. Rc3 Qf1+ 43. Kh2 Nxf3+ 44. Rxf3 Qxf3 45. d7 1-0

[Event "Titled Tue 26th Aug Early"]
[Site "chess.com INT"]
[Date "2025.08.26"]
[Round "3"]
[White "Duarte Cramer, Lily Jeanette"]
[Black "Mecit, Emre"]
[Result "1-0"]
[WhiteTitle "WCM"]
[WhiteElo "1904"]
[BlackElo "2007"]
[WhiteFideId "29620180"]
[BlackFideId "6304214"]
[EventDate "2025.08.26"]

1. d4 Nf6 2. c4 g6 3. Nc3 d5 4. Nf3 Bg7 5. h4 O-O 6. cxd5 Nxd5 7. h5 Nxc3 8.
bxc3 c5 9. hxg6 hxg6 10. Bh6 Bxh6 11. Rxh6 Kg7 12. Rh4 Nc6 13. Qd2 Rh8 14. Rxh8
Qxh8 15. e3 cxd4 16. cxd4 Bg4 17. d5 Bxf3 18. gxf3 Ne5 19. Qb2 f6 20. Ke2 Qc8
21. Rc1 Qd7 22. Qb3 Rc8 23. Rxc8 Qxc8 24. Bg2 Qc4+ 25. Qxc4 Nxc4 26. Kd3 Nd6 27.
f4 f5 28. Kd4 Kf6 29. Kc5 g5 30. fxg5+ Kxg5 31. Kd4 b6 32. Bh3 Kf6 33. f4 Ne4
34. Bg2 Nd6 35. Bf1 e6 36. Bd3 a5 37. a4 Ke7 38. Ke5 Nf7+ 39. Kd4 Kd6 40. dxe6
Kxe6 41. Bc4+ Kf6 42. Kd5 Ke7 43. Kc6 Nd6 44. Bd3 Ke6 45. Kxb6 Kd5 46. Kxa5 Kc5
47. Ka6 Kb4 48. a5 Kc3 49. Bb1 Kb2 50. Bxf5 Nxf5 51. e4 Nd4 52. f5 Kc3 53. f6
Kc4 54. f7 Ne6 55. Kb7 Nd8+ 56. Kc7 Nxf7 57. a6 Ng5 58. a7 Ne6+ 59. Kc8 Kd4 60.
a8=Q Nc5 61. Qd5+ 1-0

[Event "Titled Tue 26th Aug Early"]
[Site "chess.com INT"]
[Date "2025.08.26"]
[Round "3"]
[White "Carlsen, Magnus"]
[Black "Mamedov, Edgar"]
[Result "1-0"]
[WhiteTitle "GM"]
[BlackTitle "GM"]
[WhiteElo "2839"]
[BlackElo "2490"]
[WhiteFideId "1503014"]
[BlackFideId "13739980"]
[EventDate "2025.08.26"]

1. c3 d5 2. d4 Nf6 3. Bg5 c5 4. e3 e6 5. Nd2 Nc6 6. f4 Be7 7. Bd3 h6 8. Bh4 g5
9. fxg5 hxg5 10. Bxg5 e5 11. dxe5 Nxe5 12. Bb5+ Bd7 13. Qe2 c4 14. Bxd7+ Qxd7
15. O-O-O Nd3+ 16. Kb1 Qb5 17. Nb3 Ne4 18. Bxe7 cxb3 19. Qxd3 bxa2+ 20. Ka1 Qxd3
21. Rxd3 Kxe7 22. Nf3 Nf2 23. Rhd1 Nxd1 24. Rxd1 Rag8 25. Rd2 Rh6 26. Kxa2 Re6
27. Nd4 Re5 28. Rf2 f6 29. Kb3 Kf7 30. Nf5 Rg5 31. g4 Kf8 32. h3 Rg8 33. Kb4 Rh8
34. Rf3 Rh7 35. Kc5 d4+ 36. Kxd4 Rd7+ 37. Kc4 Rc7+ 38. Kd3 Rd7+ 39. Nd4 Kg7 40.
h4 b5 41. b4 Rd8 42. Rf1 Ra8 43. Ra1 Kg8 44. Ra6 Rae8 45. Nf5 Rd8+ 46. Ke2 Rc8
47. Rxf6 Rxc3 48. h5 a5 49. bxa5 b4 50. Rb6 b3 51. a6 Ra5 52. Kf3 Ra2 53. Rb8+
Kf7 54. Rb7+ Ke6 55. a7 b2 56. Rxb2 Rxa7 57. Rb6+ Ke5 58. Rb5+ Kf6 59. Kf4 Rc1
60. g5+ Ke6 61. Rb6+ Kd5 62. e4+ Kc5 63. Rf6 Re1 64. g6 Ra2 65. Re6 Rg2 66. g7
Rf1+ 67. Ke5 Rg4 68. h6 1-0

[Event "Titled Tue 26th Aug Early"]
[Site "chess.com INT"]
[Date "2025.08.26"]
[Round "3"]
[White "Ganiev, Artur"]
[Black "Babiarz, Arkadiusz"]
[Result "1/2-1/2"]
[BlackTitle "CM"]
[WhiteElo "2247"]
[BlackElo "2172"]
[WhiteFideId "34391550"]
[BlackFideId "21804362"]
[EventDate "2025.08.26"]

1. e4 e5 2. Nf3 Nc6 3. Nc3 Nf6 4. h3 d5 5. exd5 Nxd5 6. Bb5 Nxc3 7. bxc3 Bd6 8.
O-O O-O 9. Re1 Qf6 10. d4 exd4 11. cxd4 Bf5 12. Rb1 Rfe8 13. Rxe8+ Rxe8 14. d5
a6 15. dxc6 axb5 16. cxb7 Be4 17. Be3 Bxb7 18. Rxb5 Bxf3 19. gxf3 Qe6 20. Kg2
Qxa2 21. Qd3 Qe6 22. Qf5 Qc4 23. Qd7 Rf8 24. Qf5 Ra8 25. Ra5 Rxa5 26. Qxa5 h6
27. Qa8+ Kh7 28. Qe4+ Qxe4 29. fxe4 Kg6 30. f4 f5 31. Kf3 fxe4+ 32. Kxe4 Kf7 33.
Kd5 Kg6 34. Ke6 Kh5 35. f5 Kh4 36. Bd4 Kxh3 37. Bxg7 h5 38. Be5 Bf8 39. Bxc7 Kg4
40. f6 h4 41. f7 h3 42. Kd7 Kf3 43. Ke8 Bh6 44. c4 Ke4 45. Ke7 Kd4 46. Bh2 Kxc4
47. Kf6 Kd5 48. Kg6 Bf8 49. Kf6 Ke4 50. Ke6 Kf3 51. Kd7 Kg2 52. Be5 h2 53. Bxh2
Kxh2 54. Ke8 Bh6 55. Ke7 Kg3 56. Kf6 Kf4 57. Kg6 Bf8 58. Kf6 Kg4 59. Kg6 Kf4 60.
Kh7 Kf5 61. Kg8 Ba3 62. Kg7 Kg5 63. f8=Q Bxf8+ 1/2-1/2

[Event "Titled Tue 26th Aug Early"]
[Site "chess.com INT"]
[Date "2025.08.26"]
[Round "3"]
[White "Korchynskyi, Mykola"]
[Black "Sarana, Alexey"]
[Result "0-1"]
[WhiteTitle "FM"]
[BlackTitle "GM"]
[WhiteElo "2359"]
[BlackElo "2691"]
[WhiteFideId "34138005"]
[BlackFideId "24133795"]
[EventDate "2025.08.26"]

1. d4 Nf6 2. c4 e6 3. Nc3 Bb4 4. Qc2 d5 5. cxd5 exd5 6. Bg5 h6 7. Bxf6 Qxf6 8.
e3 c6 9. Nf3 O-O 10. Bd3 Nd7 11. O-O Nb6 12. a3 Bd6 13. e4 dxe4 14. Nxe4 Qd8 15.
Rfe1 Be6 16. Ne5 Bd5 17. Rad1 Re8 18. Nxd6 Qxd6 19. Bh7+ Kh8 20. Be4 Rad8 21. h3
Kg8 22. Bh7+ Kf8 23. Be4 Kg8 24. Bh7+ Kh8 25. Be4 Qf6 26. Re3 Bxe4 27. Qxe4 Kg8
28. Qg4 Qe6 29. Qg3 Nd5 30. Ree1 Qf5 31. Ng4 Qg5 32. Kh2 h5 33. Ne3 Qxg3+ 34.
Kxg3 Nf6 35. Nc4 Rxe1 36. Rxe1 Rxd4 37. Na5 Rd7 38. f3 c5 39. Nc4 g6 40. Rc1 b6
41. Ne5 Rd2 42. b4 h4+ 43. Kxh4 Rxg2 44. Ng4 Nd7 45. Rd1 Nf8 46. Kg5 Kg7 47. Kf4
Ne6+ 48. Ke5 Re2+ 49. Kd6 Ra2 50. Rd3 c4 51. Rc3 b5 52. Kc6 Nd4+ 53. Kc5 Ne2 54.
Re3 c3 55. Nf2 a6 56. Nd3 Rd2 57. Ne1 c2 58. Nxc2 Rxc2+ 59. Kb6 Nd4 60. Kxa6 Rc4
61. Re4 f5 62. Re7+ Kf6 63. Rb7 Rc3 64. Kb6 Rxa3 65. Kc5 Ne6+ 66. Kxb5 Rxf3 67.
Kc6 Rc3+ 0-1

[Event "Titled Tue 26th Aug Early"]
[Site "chess.com INT"]
[Date "2025.08.26"]
[Round "3"]
[White "Terry, Renato"]
[Black "Brodowski, Piotr"]
[Result "1-0"]
[WhiteTitle "IM"]
[BlackTitle "IM"]
[WhiteElo "2508"]
[BlackElo "2457"]
[WhiteFideId "3803457"]
[BlackFideId "1124480"]
[EventDate "2025.08.26"]

1. e4 e5 2. Nf3 Nc6 3. c3 Nf6 4. d4 exd4 5. e5 Nd5 6. Qb3 Nb6 7. cxd4 d5 8. Bb5
Be7 9. O-O O-O 10. Bxc6 bxc6 11. Qc2 Bg4 12. Nbd2 Qd7 13. b3 f6 14. a4 a5 15.
Ba3 Rae8 16. Bxe7 Rxe7 17. Rac1 Re6 18. Qc3 Ra8 19. Rfe1 Qe7 20. Re3 Nd7 21.
Rce1 Bxf3 22. Nxf3 fxe5 23. Nxe5 Nxe5 24. Rxe5 Rxe5 25. Rxe5 Qd6 26. g3 h6 27.
h4 Rb8 28. h5 Rb4 29. Qe3 Rb8 30. Re6 Qb4 31. Re7 Qxb3 32. Qe5 Qd1+ 33. Kh2 Qg4
34. Qxc7 Rf8 35. f4 Qxh5+ 36. Kg2 Qg6 37. Re2 Kh8 38. Qe7 Rg8 39. Qe5 Qd3 40. f5
Rf8 41. g4 h5 42. Re3 Qd2+ 43. Kg3 Qd1 44. Re2 Qd3+ 45. Kh4 hxg4 46. Kxg4 Qd1
47. Kg3 Qd3+ 48. Kg2 Rf6 49. Qb8+ Kh7 50. Re8 Qxf5 51. Rh8+ Kg6 52. Qg3+ Qg5 53.
Ra8 Qxg3+ 54. Kxg3 Rf2 55. Kxf2 Kg5 56. Rxa5 1-0

[Event "Titled Tue 26th Aug Early"]
[Site "chess.com INT"]
[Date "2025.08.26"]
[Round "3"]
[White "Tarhan, Adar"]
[Black "Jimenez Salas, Maria Teresa"]
[Result "1-0"]
[WhiteTitle "IM"]
[BlackTitle "WIM"]
[WhiteElo "2474"]
[BlackElo "2249"]
[WhiteFideId "34544712"]
[BlackFideId "3843866"]
[EventDate "2025.08.26"]

1. e4 c5 2. Nf3 Nc6 3. Bb5 e6 4. O-O Nge7 5. Re1 a6 6. Bf1 d5 7. exd5 Nxd5 8. b3
Be7 9. Bb2 O-O 10. Nc3 Nxc3 11. Bxc3 b5 12. Bd3 Bb7 13. Qe2 Bf6 14. Qe4 g6 15.
Qf4 Bxc3 16. dxc3 Qe7 17. a4 b4 18. Qh6 f5 19. Rxe6 Qg7 20. Bc4 Kh8 21. Qxg7+
Kxg7 22. Bd5 Rac8 23. c4 Rfe8 24. Rae1 Rxe6 25. Rxe6 Rc7 26. Ng5 Nd4 27. Rd6 Re7
28. Kf1 Nxc2 29. Ne6+ Kh6 30. Bxb7 Rxb7 31. Nxc5 Re7 32. Re6 Rf7 33. Rxa6 Rc7
34. Ne6 Rc8 35. Rb6 Na1 36. Rxb4 g5 37. Rb6 Kh5 38. h3 g4 39. hxg4+ Kxg4 40. f3+
Kg3 41. Nd4 Kf4 42. Re6 Rd8 43. Ne2+ Kg5 44. Re3 h5 45. Kf2 h4 46. a5 Rd2 47. a6
Ra2 48. f4+ Kg4 49. Re6 Nxb3 50. Rg6+ Kh5 51. Rg5+ Kh6 52. Rxf5 Rxa6 53. Re5 Ra2
54. Kf3 Rc2 55. Kg4 Rxc4 56. Kxh4 Nc5 57. g4 Nd3 58. Re6+ Kg7 59. f5 Nf2 60.
Rg6+ Kf7 61. Ng3 Rc1 62. Nh5 Rh1+ 63. Kg3 Ne4+ 64. Kf4 Re1 65. Rg7+ Kf8 66. Ra7
Rf1+ 67. Kxe4 Re1+ 68. Kf4 Rf1+ 69. Kg5 Kg8 70. Kg6 Rc1 71. Ra8+ Rc8 72. Rxc8# 1-0

[Event "Titled Tue 26th Aug Early"]
[Site "chess.com INT"]
[Date "2025.08.26"]
[Round "3"]
[White "Fellowes, Billy"]
[Black "Shangin, Lev"]
[Result "0-1"]
[WhiteTitle "CM"]
[WhiteElo "2122"]
[BlackElo "2186"]
[WhiteFideId "483540"]
[BlackFideId "55681085"]
[EventDate "2025.08.26"]

1. d4 Nf6 2. Nc3 d5 3. Bf4 a6 4. Nf3 c5 5. e3 e6 6. a3 Nc6 7. dxc5 Bxc5 8. Bd3
O-O 9. O-O b5 10. Qe2 Bb7 11. Rad1 Qe7 12. e4 d4 13. Nb1 e5 14. Bg5 h6 15. Bh4
Qe6 16. Nbd2 Be7 17. Rfe1 Nd7 18. Nf1 Nc5 19. Ng3 Nxd3 20. Rxd3 g6 21. Qd2 Kg7
22. Bxe7 Qxe7 23. h4 h5 24. Qe2 Nd8 25. Red1 Ne6 26. Qe1 Nf4 27. R3d2 Rac8 28.
Ne2 Nxe2+ 29. Qxe2 Rc7 30. c3 dxc3 31. bxc3 Bc8 32. Qe3 Bg4 33. Rd5 Bxf3 34.
Qxf3 Rfc8 35. R1d3 Qxa3 36. Rxe5 Rxc3 37. Red5 Rxd3 38. Rxd3 Qa1+ 39. Kh2 Qe5+
40. g3 Rc7 41. Rd8 a5 42. Qd3 a4 43. Rd5 Qf6 44. Kg2 b4 45. e5 Qc6 46. Kh2 b3
47. Rd6 Qc2 48. Qf3 b2 49. Qf6+ Kh7 50. Rd8 Qxf2+ 51. Qxf2 b1=Q 52. Rd2 a3 53.
Re2 Qb3 54. e6 fxe6 55. Qf4 Rb7 56. Qf2 Qc4 0-1

[Event "Titled Tue 26th Aug Early"]
[Site "chess.com INT"]
[Date "2025.08.26"]
[Round "3"]
[White "Auribault, Louis"]
[Black "Morozov, Egor"]
[Result "1-0"]
[WhiteTitle "FM"]
[BlackTitle "FM"]
[WhiteElo "2113"]
[BlackElo "2291"]
[WhiteFideId "45196591"]
[BlackFideId "24102121"]
[EventDate "2025.08.26"]

1. d4 Nf6 2. c4 g6 3. Nc3 Bg7 4. h4 c5 5. d5 h5 6. e4 d6 7. Bg5 e6 8. f3 a6 9.
Qd2 exd5 10. exd5 O-O 11. Bd3 Nbd7 12. Nge2 Ne5 13. Bc2 Nxc4 14. Qf4 Ne5 15.
O-O-O Qe7 16. Ne4 Ned7 17. Qxd6 Qxd6 18. Nxd6 Nb6 19. Nc3 Rd8 20. Nde4 Nbd7 21.
Rhe1 b5 22. Nxf6+ Bxf6 23. Ne4 Bxg5+ 24. Nxg5 Nf6 25. d6 Bd7 26. Re7 Rf8 27. Be4
Rad8 28. Bd5 Nxd5 29. Rxd5 Kg7 30. Rxc5 Rc8 31. b4 Bc6 32. d7 Bxd7 33. Rxd7 Rce8
34. Rcc7 Re2 35. Rxf7+ Rxf7 36. Rxf7+ Kg8 37. Rf6 Rxa2 38. Rxg6+ Kf8 39. Rf6+
Kg7 40. Rf7+ Kg6 41. g4 hxg4 42. fxg4 Ra4 43. Rf4 a5 44. Kb2 axb4 45. Kb3 Ra1
46. Rxb4 Rh1 47. Nf3 Rb1+ 48. Kc3 Rf1 49. Rf4 Rc1+ 50. Kb4 Rb1+ 51. Kc5 Rb2 52.
Ne5+ Kg7 53. Rf7+ Kg8 54. g5 b4 55. h5 b3 56. g6 Rh2 57. Ng4 Rxh5+ 58. Kd6 Rb5
59. Nf6+ Kh8 60. Rh7# 1-0